Avian diseases.

Bibliographic Details
Corporate Author: American Association of Avian Pathologists
Format: Journal
Language:English
Published: [Ithaca, N.Y.] : [Cornell Veterinarian, Inc.], [1957-]
Subjects:
Online Availability: Check for online availability

MARC

Tag First Indicator Second Indicator Subfields
LEADER 00000cas a2200000 a 4500
001 in00004454841
005 20220217202428.2
008 750807c19579999nyuqr p 0 a0eng d
010 |a sn 78004255  
022 0 |a 0005-2086 
030 |a AVDIAI 
035 |a (OCoLC)01518939 
037 |b Avian Diseases, University of Pennsylvania, New Bolton Center, Philadelphia, PA 193481692 
040 |a MUL  |c MUL  |d NSD  |d DLC  |d NSD  |d HUL  |d NSD  |d SER  |d RCS  |d TMV  |d UtOrBLW 
042 |a nsdp 
049 |a [Shelved] [by Title] TMVM 
050 4 |a SF995  |b .A95 
060 0 0 |a W1 AV401 
060 4 |a SF 994 
222 0 |a Avian diseases 
245 1 0 |a Avian diseases. 
246 1 0 |a Avian Dis 
264 1 |a [Ithaca, N.Y.] :  |b [Cornell Veterinarian, Inc.],  |c [1957-] 
264 4 |c [©1957-] 
300 |a volumes :  |b illustrations ;  |c 23 cm. 
310 |a Four no. a year 
336 |a text  |2 rdacontent  |b txt 
337 |a unmediated  |2 rdamedia 
338 |a volume  |2 rdacarrier  |b nc 
362 0 |a Vol. 1, no. 1 (May 1957)- 
500 |a Title from cover. 
500 |a Bindery Color/Print: 798/B; ID 1860  |5 TMV 
530 |a Part of title also on 35mm microfilm: v. 18 (1974)-v. 23 (1979). 
550 |a Published: Ithaca, N.Y. : American Association of Avian Pathologists, 1960-72; College Station, TX : The Association, 1973- . 
650 2 |a Poultry Diseases. 
650 2 |a Bird Diseases. 
655 2 |a Periodicals. 
690 |a vetcln 
710 2 |a American Association of Avian Pathologists. 
776 1 |t Avian diseases (Online)  |x 1938-4351  |w (OCoLC)51026881 
948 2 |a Ebsco Subscription Services  |g title number 102-000-031 (print+online) 
999 f f |s 76c10787-32b2-3d5e-ae5e-0816efd94549  |i 455891ab-7740-3937-8ba0-2fc06cf0e244  |t 0 
952 f f |p ric  |a Texas A&M University  |b Rellis Campus  |c Joint Library Facility  |d Remote Storage  |t 0  |i unmediated -- volume  |k v.23  |l 1979  |m 323890040255+ 
952 f f |p ric  |a Texas A&M University  |b Rellis Campus  |c Joint Library Facility  |d Remote Storage  |t 0  |i unmediated -- volume  |k v.50  |l 2006  |m 323890197625C 
952 f f |p ric  |a Texas A&M University  |b Rellis Campus  |c Joint Library Facility  |d Remote Storage  |t 0  |i unmediated -- volume  |k v.19  |l 1975  |m 323890040251. 
952 f f |p ric  |a Texas A&M University  |b Rellis Campus  |c Joint Library Facility  |d Remote Storage  |t 0  |i unmediated -- volume  |k v.67  |l 2023  |m 3238902707389 
952 f f |p ric  |a Texas A&M University  |b Rellis Campus  |c Joint Library Facility  |d Remote Storage  |t 0  |i unmediated -- volume  |k v.13  |l 1969  |m 323890079962F 
952 f f |p ric  |a Texas A&M University  |b Rellis Campus  |c Joint Library Facility  |d Remote Storage  |t 0  |i unmediated -- volume  |k v.39  |l 1995  |m 323890183649D 
952 f f |p ric  |a Texas A&M University  |b Rellis Campus  |c Joint Library Facility  |d Remote Storage  |t 0  |i unmediated -- volume  |k v.11  |l 1967  |m 3238900925255 
952 f f |p ric  |a Texas A&M University  |b Rellis Campus  |c Joint Library Facility  |d Remote Storage  |t 0  |i unmediated -- volume  |k v.58  |l 2014  |m 323890234698E 
952 f f |p ric  |a Texas A&M University  |b Rellis Campus  |c Joint Library Facility  |d Remote Storage  |t 0  |i unmediated -- volume  |k v.25  |l 1981:Jan./June  |m 3238900402570 
952 f f |p ric  |a Texas A&M University  |b Rellis Campus  |c Joint Library Facility  |d Remote Storage  |t 0  |i unmediated -- volume  |k v.24  |l 1980  |m 323890040256% 
952 f f |p ric  |a Texas A&M University  |b Rellis Campus  |c Joint Library Facility  |d Remote Storage  |t 0  |i unmediated -- volume  |k v.53  |l 2009  |m 3238902016933 
952 f f |p ric  |a Texas A&M University  |b Rellis Campus  |c Joint Library Facility  |d Remote Storage  |t 0  |i unmediated -- volume  |k v.32  |l 1988  |m 323890087793G 
952 f f |p ric  |a Texas A&M University  |b Rellis Campus  |c Joint Library Facility  |d Remote Storage  |t 0  |i unmediated -- volume  |k v.62  |l 2018  |m 3238902378237 
952 f f |p ric  |a Texas A&M University  |b Rellis Campus  |c Joint Library Facility  |d Remote Storage  |t 0  |i unmediated -- volume  |k v.38  |l 1995  |m 3238901541283 
952 f f |p ric  |a Texas A&M University  |b Rellis Campus  |c Joint Library Facility  |d Remote Storage  |t 0  |i unmediated -- volume  |k v.60  |l 2016  |m 3238902364535 
952 f f |p ric  |a Texas A&M University  |b Rellis Campus  |c Joint Library Facility  |d Remote Storage  |t 0  |i unmediated -- volume  |k v.25  |l 1981:July/Dec.  |m 3238900402581 
952 f f |p ric  |a Texas A&M University  |b Rellis Campus  |c Joint Library Facility  |d Remote Storage  |t 0  |i unmediated -- volume  |k v.35  |l 1991  |m 3238901294378 
952 f f |p ric  |a Texas A&M University  |b Rellis Campus  |c Joint Library Facility  |d Remote Storage  |t 0  |i unmediated -- volume  |k v.46  |l 2002  |m 323890176098D 
952 f f |p ric  |a Texas A&M University  |b Rellis Campus  |c Joint Library Facility  |d Remote Storage  |t 0  |i unmediated -- volume  |k v.28  |l 1984  |m 3238901076275 
952 f f |p ric  |a Texas A&M University  |b Rellis Campus  |c Joint Library Facility  |d Remote Storage  |t 0  |i unmediated -- volume  |k v.48  |l 2004  |m 323890179816E 
952 f f |p ric  |a Texas A&M University  |b Rellis Campus  |c Joint Library Facility  |d Remote Storage  |t 0  |i unmediated -- volume  |k v.33  |l 1989  |m 3238900904779 
952 f f |p ric  |a Texas A&M University  |b Rellis Campus  |c Joint Library Facility  |d Remote Storage  |t 0  |i unmediated -- volume  |k v.45  |l 2001  |m 323890177547D 
952 f f |p ric  |a Texas A&M University  |b Rellis Campus  |c Joint Library Facility  |d Remote Storage  |t 0  |i unmediated -- volume  |k v.56 & suppl.  |l 2012  |m 3238902192725 
952 f f |p ric  |a Texas A&M University  |b Rellis Campus  |c Joint Library Facility  |d Remote Storage  |t 0  |i unmediated -- volume  |k v.2  |l 1958:Feb./Nov.  |m 323890040231Z 
952 f f |p ric  |a Texas A&M University  |b Rellis Campus  |c Joint Library Facility  |d Remote Storage  |t 0  |i unmediated -- volume  |k v.61  |l 2017  |m 3238902372433 
952 f f |p ric  |a Texas A&M University  |b Rellis Campus  |c Joint Library Facility  |d Remote Storage  |t 0  |i unmediated -- volume  |k v.29  |l 1985  |m 323890036003. 
952 f f |p ric  |a Texas A&M University  |b Rellis Campus  |c Joint Library Facility  |d Remote Storage  |t 0  |i unmediated -- volume  |k v.47:special issue  |l 2003  |m 323890147674B 
952 f f |p ric  |a Texas A&M University  |b Rellis Campus  |c Joint Library Facility  |d Remote Storage  |t 0  |i unmediated -- volume  |k v.36  |l 1992  |m 323890139558D 
952 f f |p ric  |a Texas A&M University  |b Rellis Campus  |c Joint Library Facility  |d Remote Storage  |t 0  |i unmediated -- volume  |k v.30  |l 1986  |m 323890078238A 
952 f f |p ric  |a Texas A&M University  |b Rellis Campus  |c Joint Library Facility  |d Remote Storage  |t 0  |i unmediated -- volume  |k v.47  |l 2003  |m 3238901827336 
952 f f |p ric  |a Texas A&M University  |b Rellis Campus  |c Joint Library Facility  |d Remote Storage  |t 0  |i unmediated -- volume  |k special issue  |l 1969:Apr.  |m 3238902752503 
952 f f |p ric  |a Texas A&M University  |b Rellis Campus  |c Joint Library Facility  |d Remote Storage  |t 0  |i unmediated -- volume  |k v.34  |l 1990  |m 3238900951265 
952 f f |p ric  |a Texas A&M University  |b Rellis Campus  |c Joint Library Facility  |d Remote Storage  |t 0  |i unmediated -- volume  |k v.49  |l 2006  |m 3238901961616 
952 f f |p ric  |a Texas A&M University  |b Rellis Campus  |c Joint Library Facility  |d Remote Storage  |t 0  |i unmediated -- volume  |k v.14  |l 1970  |m 323890040246+ 
952 f f |p ric  |a Texas A&M University  |b Rellis Campus  |c Joint Library Facility  |d Remote Storage  |t 0  |i unmediated -- volume  |k v.21  |l 1977  |m 323890040253$ 
952 f f |p ric  |a Texas A&M University  |b Rellis Campus  |c Joint Library Facility  |d Remote Storage  |t 0  |i unmediated -- volume  |k v.20  |l 1976  |m 3238901076264 
952 f f |p ric  |a Texas A&M University  |b Rellis Campus  |c Joint Library Facility  |d Remote Storage  |t 0  |i unmediated -- volume  |k v.63  |l 2019  |m 3238902674427 
952 f f |p ric  |a Texas A&M University  |b Rellis Campus  |c Joint Library Facility  |d Remote Storage  |t 0  |i unmediated -- volume  |k v.55  |l 2011  |m 323890217678D 
952 f f |p ric  |a Texas A&M University  |b Rellis Campus  |c Joint Library Facility  |d Remote Storage  |t 0  |i unmediated -- volume  |k v.27  |l 1983  |m 323890040260. 
952 f f |p ric  |a Texas A&M University  |b Rellis Campus  |c Joint Library Facility  |d Remote Storage  |t 0  |i unmediated -- volume  |k v.43  |l 1999  |m 3238901638022 
952 f f |p ric  |a Texas A&M University  |b Rellis Campus  |c Joint Library Facility  |d Remote Storage  |t 0  |i unmediated -- volume  |k v.7  |l 1963  |m 323890040238% 
952 f f |p ric  |a Texas A&M University  |b Rellis Campus  |c Joint Library Facility  |d Remote Storage  |t 0  |i unmediated -- volume  |k v.1  |l 1957  |m 3238901308789 
952 f f |p ric  |a Texas A&M University  |b Rellis Campus  |c Joint Library Facility  |d Remote Storage  |t 0  |i unmediated -- volume  |k v.57 & suppl.  |l 2013  |m 323890233749A 
952 f f |p ric  |a Texas A&M University  |b Rellis Campus  |c Joint Library Facility  |d Remote Storage  |t 0  |i unmediated -- volume  |k v.54  |l 2010  |m 3238902164465 
952 f f |p ric  |a Texas A&M University  |b Rellis Campus  |c Joint Library Facility  |d Remote Storage  |t 0  |i unmediated -- volume  |k v.9  |l 1965  |m 323890040241- 
952 f f |p ric  |a Texas A&M University  |b Rellis Campus  |c Joint Library Facility  |d Remote Storage  |t 0  |i unmediated -- volume  |k v.40  |l 1996  |m 3238901440584 
952 f f |p ric  |a Texas A&M University  |b Rellis Campus  |c Joint Library Facility  |d Remote Storage  |t 0  |i unmediated -- volume  |k v.59  |l 2015  |m 3238902356075 
952 f f |p ric  |a Texas A&M University  |b Rellis Campus  |c Joint Library Facility  |d Remote Storage  |t 0  |i unmediated -- volume  |k v.18  |l 1974  |m 323890083929D 
952 f f |p ric  |a Texas A&M University  |b Rellis Campus  |c Joint Library Facility  |d Remote Storage  |t 0  |i unmediated -- volume  |k v.42  |l 1998  |m 3238901605554 
952 f f |p ric  |a Texas A&M University  |b Rellis Campus  |c Joint Library Facility  |d Remote Storage  |t 0  |i unmediated -- volume  |k v.4  |l 1960  |m 323890040233. 
952 f f |p ric  |a Texas A&M University  |b Rellis Campus  |c Joint Library Facility  |d Remote Storage  |t 0  |i unmediated -- volume  |k v.22  |l 1978  |m 323890040254/ 
952 f f |p ric  |a Texas A&M University  |b Rellis Campus  |c Joint Library Facility  |d Remote Storage  |t 0  |i unmediated -- volume  |k v.12  |l 1968  |m 323890040244$ 
952 f f |p ric  |a Texas A&M University  |b Rellis Campus  |c Joint Library Facility  |d Remote Storage  |t 0  |i unmediated -- volume  |k v.5  |l 1961  |m 3238901076253 
952 f f |p ric  |a Texas A&M University  |b Rellis Campus  |c Joint Library Facility  |d Remote Storage  |t 0  |i unmediated -- volume  |k v.31  |l 1987  |m 323890080588B 
952 f f |p ric  |a Texas A&M University  |b Rellis Campus  |c Joint Library Facility  |d Remote Storage  |t 0  |i unmediated -- volume  |k v.66  |l 2022   |m 3238902701945 
952 f f |p ric  |a Texas A&M University  |b Rellis Campus  |c Joint Library Facility  |d Remote Storage  |t 0  |i unmediated -- volume  |k v.44  |l 2000  |m 323890179830A 
952 f f |p ric  |a Texas A&M University  |b Rellis Campus  |c Joint Library Facility  |d Remote Storage  |t 0  |i unmediated -- volume  |k v.26  |l 1982  |m 3238901479148 
952 f f |p ric  |a Texas A&M University  |b Rellis Campus  |c Joint Library Facility  |d Remote Storage  |t 0  |i unmediated -- volume  |k v.1  |l 1957  |m 323890040230Y 
952 f f |p ric  |a Texas A&M University  |b Rellis Campus  |c Joint Library Facility  |d Remote Storage  |t 0  |i unmediated -- volume  |k v.10  |l 1966  |m 323890040242. 
952 f f |p ric  |a Texas A&M University  |b Rellis Campus  |c Joint Library Facility  |d Remote Storage  |t 0  |i unmediated -- volume  |k v.41  |l 1997  |m 3238901419434 
952 f f |p ric  |a Texas A&M University  |b Rellis Campus  |c Joint Library Facility  |d Remote Storage  |t 0  |i unmediated -- volume  |k v.64  |l 2020  |m 323890267574D 
952 f f |p ric  |a Texas A&M University  |b Rellis Campus  |c Joint Library Facility  |d Remote Storage  |t 0  |i unmediated -- volume  |k v.52  |l 2008  |m 323890199451B 
952 f f |p ric  |a Texas A&M University  |b Rellis Campus  |c Joint Library Facility  |d Remote Storage  |t 0  |i unmediated -- volume  |k v.16  |l 1972  |m 3238900402480 
952 f f |p ric  |a Texas A&M University  |b Rellis Campus  |c Joint Library Facility  |d Remote Storage  |t 0  |i unmediated -- volume  |k v.37  |l 1994  |m 3238901805354 
952 f f |p ric  |a Texas A&M University  |b Rellis Campus  |c Joint Library Facility  |d Remote Storage  |t 0  |i unmediated -- volume  |k v.54:suppl. 1  |l 2010  |m 3238902194626 
952 f f |p ric  |a Texas A&M University  |b Rellis Campus  |c Joint Library Facility  |d Remote Storage  |t 0  |i unmediated -- volume  |k v.15  |l 1971  |m 323890040247% 
952 f f |p ric  |a Texas A&M University  |b Rellis Campus  |c Joint Library Facility  |d Remote Storage  |t 0  |i unmediated -- volume  |k v.3  |l 1959  |m 323890040232- 
952 f f |p ric  |a Texas A&M University  |b Rellis Campus  |c Joint Library Facility  |d Remote Storage  |t 0  |i unmediated -- volume  |k v.51 & suppl.  |l 2007  |m 3238901985027 
952 f f |p ric  |a Texas A&M University  |b Rellis Campus  |c Joint Library Facility  |d Remote Storage  |t 0  |i unmediated -- volume  |k v.6  |l 1962  |m 323890040237+ 
952 f f |p ric  |a Texas A&M University  |b Rellis Campus  |c Joint Library Facility  |d Remote Storage  |t 0  |i unmediated -- volume  |k v.65  |l 2021  |m 3238902682426 
952 f f |p ric  |a Texas A&M University  |b Rellis Campus  |c Joint Library Facility  |d Remote Storage  |t 0  |i unmediated -- volume  |k v.8  |l 1964  |m 3238900402390 
952 f f |p ric  |a Texas A&M University  |b Rellis Campus  |c Joint Library Facility  |d Remote Storage  |t 0  |i unmediated -- volume  |k v.17  |l 1973  |m 3238900402491 
998 f f |s v.1(1957)-v.67(2023)  |t 0  |l Remote Storage